000 00477nam a2200145Ia 4500
008 090122s9999 xx 000 0 und d
082 _b6580
_a891.4683
100 _aशुध्दवैशाख
_bकल्पना
245 _aएक नातं असंही
600 _aशुध्दवैशाख
630 _aएक नातं असंही
700 _aशुध्दवैशाख
730 _aएक नातं असंही
942 _cBOOK
999 _c30657
_d30657